Internet of Things Legal Perspectives /

The Internet of Things as an emerging global Internet-based information architecture facilitating the exchange of goods and services is gradually developing. While the technology of the Internet of Things is still being dis-cussed and created, the legal framework should be established before the Int...

Full description

Bibliographic Details
Main Authors: Weber, Rolf H. (Author), Weber, Romana (Author)
Corporate Author: SpringerLink (Online service)
Format: Electronic eBook
Language:English
Published: Berlin, Heidelberg : Springer Berlin Heidelberg, 2010.
Subjects:
Online Access:Full Text via HEAL-Link
LEADER 03675nam a22005655i 4500
001 978-3-642-11710-7
003 DE-He213
005 20151204145148.0
007 cr nn 008mamaa
008 100623s2010 gw | s |||| 0|eng d
020 |a 9783642117107  |9 978-3-642-11710-7 
024 7 |a 10.1007/978-3-642-11710-7  |2 doi 
040 |d GrThAP 
050 4 |a K7000-7720.22 
050 4 |a K7073-7078 
072 7 |a LB  |2 bicssc 
072 7 |a LAM  |2 bicssc 
072 7 |a LAW051000  |2 bisacsh 
072 7 |a LAW016000  |2 bisacsh 
082 0 4 |a 340.9  |2 23 
082 0 4 |a 340.2  |2 23 
100 1 |a Weber, Rolf H.  |e author. 
245 1 0 |a Internet of Things  |h [electronic resource] :  |b Legal Perspectives /  |c by Rolf H. Weber, Romana Weber. 
264 1 |a Berlin, Heidelberg :  |b Springer Berlin Heidelberg,  |c 2010. 
300 |a XXIV, 135 p.  |b online resource. 
336 |a text  |b txt  |2 rdacontent 
337 |a computer  |b c  |2 rdamedia 
338 |a online resource  |b cr  |2 rdacarrier 
347 |a text file  |b PDF  |2 rda 
505 0 |a Introduction: Internet of Things: Notion -- Technicity of the Internet of Things -- Economics Environment of the Internet of Things -- General Approaches for a Legal Framework: Introduction -- Self-Regulation -- International Legal Framework -- Security and Privacy: Definitions -- Security and Privacy Needs -- Privacy Enhancing Technologies (PET) -- Legal Challenges for a Privacy Framework -- Responsibility for Violations of Privacy -- Outlook -- Governance of the Internet of Things: Establishment of a Governing Structure -- Legitimacy and Inclusion of Stakeholders -- Accountability -- Allocation of Critical Resources -- Internet of Things as Tool of Global Welfare: Bridging the Digital Divide -- Implementing Search Engines -- Combating Product Counterfeiting -- Tackling Environmental Concerns -- Improving Health Conditions -- Securing Food Supply -- Monitoring Compliance with Labor Standards -- Concluding Observations. 
520 |a The Internet of Things as an emerging global Internet-based information architecture facilitating the exchange of goods and services is gradually developing. While the technology of the Internet of Things is still being dis-cussed and created, the legal framework should be established before the Internet of Things is fully operable, in order to allow for an effective introduction of the new information architecture. The regulatory framework must provide for provisions ensuring the security of the structure as well as the privacy of its users. Furthermore, legal barriers that may stand in the way of the coming into operation of the Internet of Things are to be considered. The Internet of Things has positive effects in different fields, such as the inclusion of developing countries in global trade and the use of search engines to the benefit of civil society. 
650 0 |a Law. 
650 0 |a Computers. 
650 0 |a Law and legislation. 
650 0 |a Private international law. 
650 0 |a Conflict of laws. 
650 0 |a International law. 
650 0 |a Comparative law. 
650 0 |a Intellectual property  |x Law and legislation. 
650 1 4 |a Law. 
650 2 4 |a Private International Law, International & Foreign Law, Comparative Law. 
650 2 4 |a International IT and Media Law, Intellectual Property Law. 
650 2 4 |a Legal Aspects of Computing. 
700 1 |a Weber, Romana.  |e author. 
710 2 |a SpringerLink (Online service) 
773 0 |t Springer eBooks 
776 0 8 |i Printed edition:  |z 9783642117091 
856 4 0 |u http://dx.doi.org/10.1007/978-3-642-11710-7  |z Full Text via HEAL-Link 
912 |a ZDB-2-SHU 
950 |a Humanities, Social Sciences and Law (Springer-11648)